| 000 | 00483nam a2200181Ia 4500 | ||
|---|---|---|---|
| 003 | GCL | ||
| 008 | 140319s9999 xx 000 0 aSpa d | ||
| 020 | _a9879458583 | ||
| 040 |
_aGCL / _cGCL |
||
| 082 | 0 | 4 |
_a190 _bG J |
| 100 | 1 | _aSAINT GERMAIN | |
| 245 | 1 | 0 |
_aLAS JAYAS DE MI CARANA / _cSAINT GERMAIN |
| 260 |
_aالارجنتين : _bEDITORIAL SENORA PORTENA ، _c2004 |
||
| 300 |
_a20 CM ؛ _c189 P |
||
| 650 | 0 | 4 | _aPHILOSOPHY |
| 650 | 0 | 4 | _aSPAIN - PHILOSOPHY |
| 942 |
_2ddc _cBK |
||
| 999 |
_c6886 _d6886 |
||